What Life was Like at the dawn of democracy classical Athens 525-322 BC / (Record no. 11046)

MARC details
000 -LEADER
campo de control de longitud fija 00365nam a2200133Ia 4500
005 - FECHA Y HORA DE LA ÚLTIMA TRANSACCIÓN
campo de control 20260328104313.0
008 - DATOS DE LONGITUD FIJA--INFORMACIÓN GENERAL
campo de control de longitud fija 260328s9999||||xx |||||||||||||| ||und||
100 ## - ENTRADA PRINCIPAL--NOMBRE DE PERSONA
Nombre de persona Currie, Robin
245 #0 - MENCIÓN DEL TÍTULO
Título What Life was Like at the dawn of democracy classical Athens 525-322 BC /
Mención de responsabilidad, etc. Robin Currie
260 ## - PUBLICACIÓN, DISTRIBUCIÓN, ETC.
Nombre del editor, distribuidor, etc. Time Life
300 ## - DESCRIPCIÓN FÍSICA
Extensión 144 p.
650 ## - PUNTO DE ACCESO ADICIONAL DE MATERIA--TÉRMINO DE MATERIA
Término de materia o nombre geográfico como elemento de entrada ATENAS
942 ## - ELEMENTOS DE ENTRADA SECUNDARIOS (KOHA)
Tipo de ítem Koha Referencia
Holdings
Estatus retirado Estado de pérdida Estado de daño No para préstamo Colección Biblioteca de origen Biblioteca actual Ubicación en estantería Fecha de adquisición Número de inventario Total de préstamos Signatura topográfica completa Código de barras Visto por última vez Copia número Precio de reemplazo Tipo de ítem Koha
        Referencia Biblioteca Gonzalo Peláez Caldas Biblioteca Gonzalo Peláez Caldas Referencia 28/03/2026 5291   R 700 C 9368 5291 28/03/2026 1 28/03/2026 Libros